000 02027cam a22002897i 4500
005 20180510145551.0
008 990812s1937 fr fr 001 0 fre d
040 _aCo-BoUCM
_cSandra Yazo
_dSandra Yazo
041 0 _afre
084 0 4 _a340.9
092 _aE46N005
100 1 _aLerebours-Pigeonnière, Paul
_992415
242 0 0 _aCompendio de Derecho Internacional privado
_cpor Pablo Lerebours - Pigeonnière
_yspa
245 1 0 _aPrécis de droit international privé
_cpar Paul Lerebours - Pigeonnière
250 _aTroisième édition [Tercera edición]
260 _aParís (Francia)
_bLibrairie Dalloz [Librería Dalloz]
_c1937
300 _aviii, 514 páginas.
_c18 x 11 cm.
490 0 _aPetits Précis Dalloz [Breves compendios Dalloz]
500 _aDetalles físicos: Encuadernación rígida de calidad (holandesa) en cartón duro forrado en papel jaspeado. Lomo de cuero (negro), nervaduras sobre costuras y adornos en dorado. Guardas. Hoja de cortesía. Anteportada. Portada impresa en una sola tinta. Texto impreso en una sola columna, con diversos tipos y tamaños de letra. Párrafos numerados. Notas de pie de página. Cuadros. Índices (en papel de otros colores)
505 0 _aIntroducción ; Parte 1 – 3: La nacionalidad ; Generalidades ; Adquisición de la nacionalidad francesa ; Influjo del matrimonio en la nacionalidad de la esposa ; Pérdida de la nacionalidad francesa ; La nacionalidad de los extranjeros -- La condición de extranjería ; Los extranjeros ordinarios ; Las personas morales en el derecho internacional privado -- Conflicto de leyes y de jurisdicciones ; Principios generales que regulan estos conflictos ; Principios que regulan los conflictos de carácter judicial ; Aplicación de las normas generales
506 _aConsulta en sala
546 _aTexto en francés
650 7 _aDerecho internacional privado
_97497
650 7 _aPersonas (Derecho internacional)
_921425
690 _aDerecho internacional
_912776
942 _cLIBRO
_e3
_2LOCAL
_hE46N005
999 _c309862
_d309862